| 000 | 01279nam a2200337 i 4500 | ||
|---|---|---|---|
| 001 | 194623 | ||
| 003 | SpMaBN | ||
| 005 | 20250804062701.0 | ||
| 008 | 230212s2022 sp | |||| 000 f spa | ||
| 015 | _aMON22 | ||
| 017 |
_aAL 1675-2022 _bOficina Depósito Legal Almería |
||
| 020 | _a9788411450560 | ||
| 040 |
_aSpMaBN _bspa _cSpMaBN _erda _dES-MaACL |
||
| 080 | _a821.134.2-31"19" | ||
| 100 |
_aSánchez Jiménez, Jesús, _d1971- _9236287 _eaut |
||
| 245 | 1 | 3 |
_aEl secreto del masajista / _cJesús Sánchez Jiménez. |
| 250 | _aPrimera edición: junio 2022 | ||
| 264 | 1 |
_a[Roquetas de Mar] : _bCírculo Rojo Editorial, _c[2022]. |
|
| 300 |
_a247 páginas : _c21 cm. |
||
| 336 |
_aTexto _2rdacontent |
||
| 337 |
_asin mediación _2rdamedia |
||
| 338 |
_avolumen _2rdacarrier |
||
| 655 | 0 |
_aNovelas _9234319 |
|
| 852 |
_aES-MaACL _cDEPOJ _jN-8887 _xEncuadernación rústica _hDonación: Jesús Sánchez Jiménez _gDedicatoria autógrafa del autor _9204772 |
||
| 903 |
_9236287 _aSánchez Jiménez, Jesús, _d1971- _ednr |
||
| 942 |
_cMONOGRAFIA _n0 |
||
| 999 |
_c194623 _d194623 |
||